El delito de contrato simulado

Збережено в:
Бібліографічні деталі
Автор: Rivacoba y Rivacoba, Manuel de (Автор)
Формат: Книга
Мова:Іспанська
Опубліковано: Santiago Jurídica Conosur 1992
Предмети:
Теги: Додати тег
Немає тегів, Будьте першим, хто поставить тег для цього запису!

MARC

LEADER 00000nam a2200000 a 4500
001 UCO8367
003 CL-VaPUC
008 001201e19920000CL |||||||||||||||||spa|d
082 0 4 |a 346.022  |b RIV  |2 21 
100 0 |a Rivacoba y Rivacoba, Manuel de  |e author  |9 453256 
245 1 3 |a El delito de contrato simulado 
300 |a 107 p 
942 |c BK 
945 |d 20001201 00:00:00  |a vberengu 
260 |a Santiago  |b Jurídica Conosur  |c 1992 
650 0 |a Antijuridicidad  |9 368501 
650 0 |a Contratos  |9 255153 
650 7 |a CULPABILIDAD  |2 CL-VaPUC  |9 351694 
650 0 |a Bien jurídico  |9 392951 
650 0 |a Derecho civil chileno  |9 320612 
650 7 |a PUNIBILIDAD  |2 CL-VaPUC  |9 447341 
650 7 |a SIMULACION  |2 CL-VaPUC  |9 338579 
650 7 |a TIPICIDAD  |2 CL-VaPUC  |9 258099 
583 |a last modification  |c 20001201 00:00:00  |k Rodrigo Vera 
999 |c 293035  |d 293033 
952 |0 0  |1 0  |2 ddc  |4 0  |6 346_022000000000000_RIV_1992  |7 0  |8 A  |9 344158  |a BIBDER  |b BIBDER  |d 2019-11-20  |i 3672689  |o 346.022 RIV 1992  |p 3672689  |r 2023-01-25  |w 2019-11-20  |y MX  |k DER